ბათუმის შოთა რუსთაველის სახელმწიფო უნივერსიტეტის ბიბლიოთეკა

მართვის ავტომატიზებული სისტემების ქვესისტემებისა და რგოლების დაპროექტება : (ბიბ.ჩანაწერი № 56881)

000 -ლიდერი
ფიქსირებული სიგრძის საკონტროლო ველი 01512nam a22002417a 4500
003 - საკონტროლო ნომრის იდენტიფიკატორი
საკონტროლო ველი Ge_BSU
005 - ბოლო ოპერაციის თარიღი და დრო
საკონტროლო ველი 20190605145741.0
008 - ფიქსირებული სიგრძის მონაცემთა ელემენტები - ზოგადი ინფორმაცია
ფიქსირებული სიგრძის საკონტროლო ველი 190605b1981 ge ||||| |||| 00| 0 geo d
041 ## - ენის კოდი
Language code of text/sound track or separate title geo
080 ## - უნივერსალური ათობითი კლასიფიკაციის ინდექსი
Universal Decimal Classification number 681.51(075.8) + 658.5-52(075.8) მ--30
245 ## - ცნობა სათაურის შესახებ
Title მართვის ავტომატიზებული სისტემების ქვესისტემებისა და რგოლების დაპროექტება :
Remainder of title სახელმძღვ. "მართვის ავტომატიზებული სისტემების" სპეც. სტუდენტებისათვის /
Statement of responsibility, etc ა. მამიკონოვი ; ვ. კულბა ; ა. ცვირკუნი ; ს. კოსიაჩენკო ; რედ : ა. მამიკონოვი.
264 ## - წარმოების, გამოცემის, დისტრიბუციის და სხვა ცნობები
გამოცემის, წარმოების, დისტრიბუციის... ადგილი თბილისი :
გამოცემის, წარმოების, დისტრიბუციის... სახელწოდება განათლება,
გამოცემის, წარმოების, დისტრიბუციის... თარიღი 1981.
300 ## - ფიზიკური აღწერა
Extent 300გვ. :
Other physical details ილ. ;
Dimensions 21 სმ.
500 ## - ზოგადი შენიშვნა
General note ლიტ. სია: გვ.297-298 (36 სხწ.).
653 ## - INDEX TERM--UNCONTROLLED
Uncontrolled term მართვის ავტომატიზებული სისტემები
653 ## - INDEX TERM--UNCONTROLLED
Uncontrolled term ბუღალტერია
700 ## - ADDED ENTRY--PERSONAL NAME
Personal name მამიკონოვი, ა
9 (RLIN) 2108
700 ## - ADDED ENTRY--PERSONAL NAME
Personal name კულბა, ვ
9 (RLIN) 2109
700 ## - ADDED ENTRY--PERSONAL NAME
Personal name ცვირკუნი, ა
9 (RLIN) 2110
700 ## - ADDED ENTRY--PERSONAL NAME
Personal name კოსიაჩენკო, ს
9 (RLIN) 2111
700 ## - ADDED ENTRY--PERSONAL NAME
Personal name მამიკონოვი, ა
Relator term რედაქტორი
9 (RLIN) 2108
942 ## - ADDED ENTRY ELEMENTS (KOHA)
Source of classification or shelving scheme
Koha item type წიგნი
ეგზემპლარები
ჩამოწერის სტატუსი დაკარგული ეგზემპლარის სტატუსი კლასიფიკაციის წყარო ან თაროზე გაწყობის სქემა დაზიანების სტატუსი არ გაიცემა მუდმივი მდებარეობა (დაცვის ადგილი) ამჟამინდელი ადგილსამყოფელი თაროზე განთავსების ადგილი შეძენის თარიღი ღირებულება, შესყიდვის ნორმალური ფასი სრული შენახვის შიფრი შტრიხკოდი ბოლო ოპერაციის თარიღი ეგზემპლარის მიმდევრობითი ნომერი (კეტერი?) ფასის ძალაში შესვლის თარიღი ეგზემპლარის სახეობა საჯარო შენიშვნა
          ტექნოლოგიური ფაკულტეტის ბიბლიოთეკა ტექნოლოგიური ფაკულტეტის ბიბლიოთეკა წიგნსაცავი 2019-06-05 1.00 681.51(075.8) + 658.5-52(075.8) მ--30 10443 2019-06-05 10443 2019-06-05 წიგნი 1 ლ. 50 თ.
          ტექნოლოგიური ფაკულტეტის ბიბლიოთეკა ტექნოლოგიური ფაკულტეტის ბიბლიოთეკა წიგნსაცავი 2019-06-05 1.00 681.51(075.8) + 658.5-52(075.8) მ--30 10444 2019-06-05 10444 2019-06-05 წიგნი 1 ლ. 50 თ.
          ტექნოლოგიური ფაკულტეტის ბიბლიოთეკა ტექნოლოგიური ფაკულტეტის ბიბლიოთეკა წიგნსაცავი 2019-06-05   681.51(075.8) + 658.5-52(075.8) მ--30 10445 2019-06-05 10445 2019-06-05 წიგნი 1 ლ. 50 თ.